000
00320nam a2200145Ia 4500
100
_a
Sivanagaraju/S
942
_c
BK
366
_f
17.5
654
_a
electromagnetic
245
_a
Electromagnetics fields
260
_b
New Age Interational Ltd.
_a
New Delhi
_c
2008
300
_a
299
546
_a
ENGLISH
999
_c
27436
_d
27436